000 00253nam a2200097Ia 4500
008 120527s9999 xx 000 0 und d
100 _aJABBAR, M.A
245 _aAdoption pathways for new Agricultural Technologies
260 _bILR Institute
942 _cBK
999 _c25322
_d25322